000 00545cam a2200205ua 4500
001 2623
005 20260515113533.0
008 110901n ii |||gr||||Z||||||eng
020 _a81-208-0620-4
040 _cMAIN
082 _a491.25
100 _aWhitney, William Dwight,
_eAuthor.
245 1 1 _aSanskrit grammar
_cby William Dwight Whitney
250 _a5th.
260 _aDelhi:
_bMotilal banarsidass publishers pvt. ltd.,994.
300 _axxii; 551p:
_c23cm.
653 _aAssamese grammar
653 _aSanskrit grammar
942 _cBK
999 _c2472
_d2472